| 000 | 00637nam a2200229 a 4500 | ||
|---|---|---|---|
| 001 | BRCA_7375 | ||
| 005 | 20190320205819.0 | ||
| 008 | 090313s1948----gw-c######---#000-0#ger-# | ||
| 041 | _ager | ||
| 044 | _agw | ||
| 050 | 4 |
_aNB588 _b.A97 1948 |
|
| 245 | 1 | 0 | _aAusstellung Wilhelm Lehmbruck. |
| 260 |
_aTubinga, Alemania _bKunstgebaude _c1948 |
||
| 300 |
_a24 p. _bil., 17 láminas, retratos |
||
| 500 | _aQ76 | ||
| 600 | 1 | 4 |
_aLehmbruck, Wilhelm _d1881-1919 _918216 |
| 650 | 1 | 4 |
_aEscultores alemanes _918217 |
| 650 | 1 | 4 |
_aEscultura _vExposiciones _911068 |
| 650 | 1 | 4 |
_aGalerías y museos _zAlemania _95059 |
| 902 | _aGFM | ||
| 942 |
_2lcc _cB |
||
| 999 |
_c7051 _d7051 |
||